000 00628nam a22001937a 4500
005 20251108164807.0
008 250721s1979 xx 000 0 ara d
082 1 4 _a370.956/عبد
100 1 _aعبد الدايم، عبد الله
245 1 0 _aالتربية في البلاد العربية :
_bحاضرها و مشكلاتها و مستقبلها /
250 _aط3.
264 1 _aبيروت :
_bدار العلم للملايين،
_c1979.
300 _a343ص
650 1 7 _aالتربية
650 1 7 _aالبلدان العربية
650 1 7 _aتاريخ التربية
942 _2ddc
_cBK
999 _c14508
_d14508